| 000 | 00833cam a2200277 4500 | ||
|---|---|---|---|
| 008 | 000000n2000 000 0 eng u | ||
| 020 | _a1860631150 | ||
| 035 | _a(Sirsi) u108347 | ||
| 050 | _a692.50953 | ||
| 110 |
_aE C Harris _91524 |
||
| 245 | _aUnited Arab Emirates construction price book | ||
| 250 | _a2nd | ||
| 260 |
_aDubai _bMotive Publishing _c2000 |
||
| 300 | _a400p. ; 24cm. | ||
| 350 | _a70.00 | ||
| 520 | _aIncludes the RICS "Principles of measurement (international) for works of construction" June 1979 | ||
| 650 | _aCONSTRUCTION COSTS | ||
| 650 | _aBUILDING PRICE BOOKS | ||
| 650 | _aDIRECTORIES | ||
| 650 | _aINTERNATIONAL | ||
| 650 | _aBUILT ENVIRONMENT-BUILDING COSTS | ||
| 650 | _aMIDDLE EAST | ||
| 650 | _aUNITED ARAB EMIRATES | ||
| 690 | _aBUILT ENVIRONMENT-BUILDING COSTS | ||
| 942 | _n0 | ||
| 999 |
_c100779 _d100779 |
||